Omše o Preblahoslavenej Panne Márii

Bibliographic Details
Format: Article
Language:Slovak
Subjects:

MARC

LEADER 00000nab a2200000 a 4500
001 vtls000450072
003 SK-MaSNL
005 20260305015116.0
008 250424c1991 xo 0 slo
015 |a SNBRB19rr/mm-uuuuu 
035 |a CL0450203 
035 |a urn:nbn:sk:snk-abaow 
035 |a (urnnbn)urn:nbn:sk:snk:ar-a04425 
035 |a (uuid)47ca4549-1fa8-4613-a747-adc51344fcea 
040 |a SNKBUCL  |b slo  |c SNKBUCL  |e AACR2 
041 0 |a slo 
044 |a xo  |c SK 
080 |a 264:232.931  |2 1981 
080 |a 232.931  |2 1981 
080 |a 282  |2 1981 
245 0 0 |a Omše o Preblahoslavenej Panne Márii 
610 2 7 |a Rímskokatolícka cirkev  |2 SNKKA  |9 32394 
650 0 7 |a Panna Mária  |2 snkbucl  |9 900017 
650 0 7 |a euchológia  |2 snkbucl  |9 1376577 
655 7 |a články z novín a časopisov  |2 snkbucl  |9 267496 
773 0 |t Liturgia  |g Roč. 1, č. 1 (1991), s. 57-85 
850 |a Slovenská národná knižnica 
852 |a Slovenská národná knižnica 
958 |a article27 
958 |a OND 
958 |a RK 
992 |a RBX 
999 |c 3273079  |d 3275009